| 000 | 00381 a2200145 4500 | ||
|---|---|---|---|
| 001 | 92050 | ||
| 082 | _a327.12 JEN | ||
| 090 |
_c44008 _d44007 |
||
| 100 | _aCarl J Jensen, III; David H Mcelreath and Melissa Graves | ||
| 245 | _aIntroduction to Intelligence Studies | ||
| 250 | _a1 | ||
| 260 |
_aUSA _bCRC Press _c2013 |
||
| 300 |
_axxii, 352p. _bHb |
||
| 500 | _aReference book | ||
| 942 |
_aCAE NUST _k327.12 JEN |
||
| 999 |
_c327123 _d327123 |
||